Textos, autores y bibliotecas: 190 años de la Biblioteca Mayor de la UNC
Saved in:
| Main Authors: | , , |
|---|---|
| Andre forfattere: | |
| Format: | Bog |
| Sprog: | spansk |
| Udgivet: |
Córdoba
Universidad Nacional de Córdoba
2011
|
| Fag: | |
| Tags: |
Tilføj Tag
Ingen Tags, Vær først til at tagge denne postø!
|
MARC
| LEADER | 00000cam a2200000 a 4500 | ||
|---|---|---|---|
| 001 | UCF5859 | ||
| 003 | CL-VaPUC | ||
| 008 | 130328e20110000AG |||||||||||||||||spa|d | ||
| 020 | |a 9789871498260 | ||
| 082 | 0 | 4 | |a 027.582 |b BES |2 21 |
| 100 | 0 | |a Bestani, Rosa M |e author |9 567836 | |
| 700 | 0 | |a Brunetti, Paulina |e author |9 567837 | |
| 700 | |a Martínez de Sánchez, Ana María |e autora |9 540152 | ||
| 700 | 0 | |a Vera de Flachs, María Cristina |e author |9 567839 | |
| 245 | 1 | 0 | |a Textos, autores y bibliotecas: 190 años de la Biblioteca Mayor de la UNC |
| 300 | |a 688 p | ||
| 942 | |c BK | ||
| 945 | |d 20130328 00:00:00 |a dcastane | ||
| 260 | |a Córdoba |b Universidad Nacional de Córdoba |c 2011 | ||
| 650 | 0 | |a Bibliotecas |9 334508 | |
| 650 | 0 | |a Bibliotecas universitarias |9 334519 | |
| 583 | |a last modification |c 20130328 10:53:00 |k Rodrigo Vera | ||
| 999 | |c 351253 |d 351251 | ||